Suite du répertoire du théâtre français (Record no. 169814)

MARC details
000 -LEADER
campo de control de longitud fija 01383nam a2200289 i 4500
001 - NÚMERO DE CONTROL
campo de control 169814
003 - IDENTIFICADOR DE NÚMERO DE CONTROL
campo de control ES-MaACL
005 - FECHA Y HORA DE LA ÚLTIMA TRANSACCIÓN
campo de control 20251013213559.0
008 - DATOS DE LONGITUD FIJA--INFORMACIÓN GENERAL
campo de control de longitud fija 081202s1823 fr |||| | fre d
080 ## - NÚMERO DE LA CLASIFICACIÓN DECIMAL UNIVERSAL
Número de la Clasificación Decimal Universal 821.133.1-21
245 00 - MENCIÓN DEL TÍTULO
Título Suite du répertoire du théâtre français
Resto del título : avec un chois des pièces de plusieurs autres théatres.
Nombre de parte o sección de la obra Tragédies.
Número de parte o sección de la obra XI /
Mención de responsabilidad, etc. arrangées et mises en ordre par M. Lepeintre.
260 ## - PUBLICACIÓN, DISTRIBUCIÓN, ETC.
Lugar de publicación, distribución, etc. Paris :
Nombre del editor, distribuidor, etc. Mme Veuve Dabo,
Fecha de publicación, distribución, etc. 1823 (
Fabricante Senlis)
300 ## - DESCRIPCIÓN FÍSICA
Extensión 332 p. ;
Dimensiones 14 cm.
490 1# - MENCIÓN DE SERIE
Mención de serie Suite du répertoire du théatre français ;
Designación de volumen o secuencia 11
500 ## - NOTA GENERAL
Nota general Índice.
500 ## - NOTA GENERAL
Nota general Enc. con: Suite du répertoire du théâtre français ; 12.
505 8# - NOTA DE CONTENIDO CON FORMATO
Nota de contenido con formato Contiene: ;
Título Jean-Sans-Peur /
Mención de responsabilidad par M. Liadières. --
Título Oreste /
Mención de responsabilidad par M. Mély-Janin. --
Título Phocion /
Mención de responsabilidad par M. Royou. --
Título Clovis /
Mención de responsabilidad par M. Viennet.
597 ## - NOTA DE DESCRIPCIÓN FÍSICA
NOTA DE DESCRIPCIÓN FÍSICA 2 tomos en 1 v.
700 1# - ENTRADA AGREGADA--NOMBRE PERSONAL
Nombre de persona Liadières, Pierre-Chaumont,
Fechas asociadas al nombre 1792-1858
9 (RLIN) 138973
700 1# - ENTRADA AGREGADA--NOMBRE PERSONAL
Nombre de persona Mély-Janin (
Fechas asociadas al nombre 1777-1827)
9 (RLIN) 138975
700 1# - ENTRADA AGREGADA--NOMBRE PERSONAL
Nombre de persona Royou, Jacques Corentin,
Fechas asociadas al nombre 1749-1828
9 (RLIN) 138976
700 1# - ENTRADA AGREGADA--NOMBRE PERSONAL
Nombre de persona Viennet, Jean-Pons-Guillaume,
Fechas asociadas al nombre 1777-1868
9 (RLIN) 138977
700 1# - ENTRADA AGREGADA--NOMBRE PERSONAL
Nombre de persona Lepeintre-Desroches, Pierre-Marie-Michel,
Fechas asociadas al nombre 1785-1847
9 (RLIN) 138972
830 0# - PUNTO DE ACCESO ADICIONAL DE SERIE-TÍTULO UNIFORME
Título uniforme Suite du répertoire du théatre français ;
Designación de volumen o secuencia 11
9 (RLIN) 188890
852 4# - LOCALIZACIÓN
Ubicación ES-MaACL
Número de control de estantería E-12313(1)
itemnumber R.190455
Nota libre - Biblioteca Jacinto Martínez Lacalle
Holdings
Estatus retirado Estado de pérdida Estado de daño No para préstamo Colección Biblioteca de origen Biblioteca actual Ubicación en estantería Fecha de adquisición Fuente de adquisición Total de préstamos Signatura topográfica completa Código de barras Visto por última vez Precio de reemplazo Tipo de ítem Koha
        Libros del s. XIX Biblioteca del Ateneo de Madrid Biblioteca del Ateneo de Madrid Depósito 2 02/12/2008     E-12313(1) 1178286 23/02/2023 23/02/2023 Libro impreso antiguo